000
00350nam a22001097a 4500
082
_a
891.433/SOB/N
100
_a
सोबती, कृष्णा
_9
83461
245
_a
जिन्दगीनामा
260
_a
दिल्ली
_b
राजकमल प्रकाशन
_c
2023
650
_a
उपन्यास
942
_c
HIN
999
_c
68387
_d
68387